00714nam a22002297a 4500003000400000005001700004008004100021020002200062040000900084082002000093100002000113245003100133260003800164300001000202650008600212650003500298650005000333650002900383650003000412650002000442650002200462OSt20251220105027.0251220b |||||||| |||| 00| 0 eng d a978-81-972164-8-0 cSBCL a894.8123bANC-A aAnchal, Sunny  aAaninethedi Kure Pennungal aAlappuzhabUnma Publicationc2025 a128p. a Literature & rhetoric  literatures of miscellaneous languages of south Asia  aLiteratures of other languages a Literatures of Altaic, Uralic, Hyperborean aDravidian literatures  aSouth Dravidian languages a Malayalam  aMalayalam fiction